Normal view
MARC view
- الفقير ،رائد سليمان
Entry Personal Name
001 - CONTROL NUMBER
- control field: 20065
003 - CONTROL NUMBER IDENTIFIER
- control field: JO-AjAnu
005 - DATE AND TIME OF LATEST TRANSACTION
- control field: 20230606073509.0
008 - FIXED-LENGTH DATA ELEMENTS
- fixed length control field: 230606|| aca||aabn | a|a d
040 ## - CATALOGING SOURCE
- Original cataloging agency: JO-AjAnu
- Transcribing agency: JO-AjAnu
100 ## - HEADING--PERSONAL NAME
- Personal name: الفقير ،رائد سليمان
670 ## - SOURCE DATA FOUND
- Source citation: Work cat.: (JO-AjAnu)10303: الفقير ،رائد سليمان, author, جدلية الامن وحقوق الإنسان في عالم الإرهاب